=LDR 00000nam 2200000 4500 =001 INLIS000000000023954 =005 20201221092835 =035 ##$$a 0010-061300000023954 =008 201221################g##########0#ind## =041 ##$$a Ind =082 ##$$a 320.5p =090 ##$$a 320.5p, San s =245 ##$$a Santiaji pancasila, suatu tinjauan filosofis, historis dan yuridis konstitusional =260 ##$$a Surabaya :$b Usaha Nasional,$c 1991 =300 ##$$a 320, 21 cm ; $c 21x14 cm =650 #4$$a Pancasila =850 ##$$a NBPNMAT =084 ##$$a 320.5p SAN =250 ##$$a cet.10 =990 ##$$a 1.569/R.2/Pb.98 =990 ##$$a 00084648 =990 ##$$a 00050466 =990 ##$$a 00053617 =990 ##$$a 00084573 =990 ##$$a 00084881